[Event "6. Open C.A. Ciudad los Angeles 2012"]
[Site "Madrid ESP"]
[Date "2012.05.27"]
[Round "7.14"]
[White "Lianes Garcia, Marcos"]
[Black "Benitez Cadenas, Luis Miguel"]
[Result "1-0"]
[WhiteElo "1568"]
[BlackElo "1730"]
[PlyCount "71"]
[EventDate "2012.04.15"]
[EventType "swiss"]
[EventRounds "9"]
[EventCountry "ESP"]
[Source "lmi"]
[SourceDate "2012.04.15"]

1. d4 d5 2. c4 e6 3. e3 Nf6 4. Nf3 Nbd7 5. Nc3 Be7 6. Bd2 O-O 7. Rc1 b6 8. Bd3
Bb7 9. O-O dxc4 10. Bxc4 c5 11. Be2 cxd4 12. Nxd4 a6 13. Bf3 Bxf3 14. Qxf3 Ne5
15. Qe2 Bc5 16. Rfd1 Bxd4 17. exd4 Ng6 18. Bg5 h6 19. Bxf6 Qxf6 20. Ne4 Qe7 21.
Rc6 Nf4 22. Qd2 Nd5 23. a3 Qd7 24. Rdc1 Rfc8 25. R6c2 Rxc2 26. Rxc2 Rc8 27. Nc3
Nxc3 28. bxc3 Qa4 29. Qc1 Rc4 30. Qb2 b5 31. Rc1 Kf8 32. f3 Ke7 33. Kf2 Qa5 34.
Qb3 Qc7 35. Qb1 Rxc3 36. Qb4+ 1-0

[Event "6. Open C.A. Ciudad los Angeles 2012"]
[Site "Madrid ESP"]
[Date "2012.05.27"]
[Round "7.16"]
[White "Rodriguez Lopez-cañizares, Francisco"]
[Black "De Pablo Pena, Miguel Angel"]
[Result "1-0"]
[WhiteElo "1644"]
[BlackElo "1608"]
[PlyCount "43"]
[EventDate "2012.04.15"]
[EventType "swiss"]
[EventRounds "9"]
[EventCountry "ESP"]
[Source "lmi"]
[SourceDate "2012.04.15"]

1. e4 c5 2. Nc3 Nc6 3. f4 d6 4. Nf3 Nf6 5. Bb5 a6 6. Bxc6+ bxc6 7. O-O g6 8.
Qe1 Bg7 9. d3 O-O 10. Nh4 e6 11. Nf3 Re8 12. e5 Nd5 13. Ne4 f5 14. Nxd6 Re7 15.
Qh4 Nc7 16. Ng5 h6 17. Ngf7 Qd7 18. Nxh6+ Bxh6 19. Qxh6 Rh7 20. Qxg6+ Qg7 21.
Qxg7+ Rxg7 22. Be3 1-0

[Event "6. Open C.A. Ciudad los Angeles 2012"]
[Site "Madrid ESP"]
[Date "2012.05.27"]
[Round "7.17"]
[White "Martin Vazquez, Jose Luis"]
[Black "Cortijo Manso, Luis"]
[Result "1-0"]
[WhiteElo "1940"]
[BlackElo "1551"]
[PlyCount "71"]
[EventDate "2012.04.15"]
[EventType "swiss"]
[EventRounds "9"]
[EventCountry "ESP"]
[Source "lmi"]
[SourceDate "2012.04.15"]

1. e4 c5 2. Nf3 e6 3. d4 cxd4 4. Nxd4 Nf6 5. Nc3 Bb4 6. Bd3 Nc6 7. Nxc6 bxc6 8.
Bd2 d6 9. O-O e5 10. h3 O-O 11. a3 Ba5 12. b4 Bb6 13. Na4 Bc7 14. Bg5 Be6 15.
Qf3 Qe7 16. Bxf6 Qxf6 17. Qxf6 gxf6 18. Rad1 Kh8 19. f4 Rab8 20. f5 Bd7 21. Bc4
c5 22. Nxc5 Bb6 23. Rxd6 Ba4 24. Bd3 Kg7 25. Kh2 Bxc5 26. bxc5 Rbc8 27. Ra6 Be8
28. Rxa7 Rxc5 29. Rb1 Bc6 30. Rb6 Rc8 31. a4 Rc3 32. a5 Ba4 33. Rbb7 Rf8 34.
Rc7 Rxc7 35. Rxc7 Ra8 36. a6 1-0

[Event "6. Open C.A. Ciudad los Angeles 2012"]
[Site "Madrid ESP"]
[Date "2012.05.27"]
[Round "7.18"]
[White "Murciano Cespedosa, Antonio"]
[Black "Gines Sanchez, Javier"]
[Result "1-0"]
[WhiteElo "1771"]
[BlackElo "1575"]
[PlyCount "47"]
[EventDate "2012.04.15"]
[EventType "swiss"]
[EventRounds "9"]
[EventCountry "ESP"]
[Source "lmi"]
[SourceDate "2012.04.15"]

1. d4 Nf6 2. Nf3 e6 3. c4 Bb4+ 4. Nc3 Bxc3+ 5. bxc3 b6 6. Ba3 d6 7. e3 Bb7 8.
Bd3 c5 9. Qc2 O-O 10. e4 h6 11. e5 dxe5 12. dxe5 Nfd7 13. O-O Bxf3 14. gxf3 Nc6
15. f4 Na5 16. Qe2 Qh4 17. Qe4 g6 18. Kh1 Rad8 19. Rg1 Qh5 20. Rg3 Kh7 21. Qg2
Qh4 22. Rxg6 Nxe5 23. Rg7+ Kh8 24. Rh7# 1-0

[Event "6. Open C.A. Ciudad los Angeles 2012"]
[Site "Madrid ESP"]
[Date "2012.05.27"]
[Round "7.19"]
[White "Martin Garcia, Francisco Javier"]
[Black "Benitez Robles, Antonio"]
[Result "1-0"]
[WhiteElo "1614"]
[BlackElo "1519"]
[PlyCount "49"]
[EventDate "2012.04.15"]
[EventType "swiss"]
[EventRounds "9"]
[EventCountry "ESP"]
[Source "lmi"]
[SourceDate "2012.04.15"]

1. e4 e5 2. Nf3 Nc6 3. d4 exd4 4. Nxd4 Nxd4 5. Qxd4 c6 6. Nc3 a6 7. a4 d6 8.
Bf4 Be6 9. Rd1 Qf6 10. e5 dxe5 11. Bxe5 Qd8 12. Qf4 Qb6 13. b3 Rd8 14. Rxd8+
Qxd8 15. Be2 Ne7 16. Bh5 Nd5 17. Nxd5 Qxd5 18. O-O Rg8 19. Rd1 Qc5 20. Bf3 Be7
21. Bxg7 Bd6 22. Rxd6 Rxg7 23. Rd2 Qg5 24. Qb8+ Ke7 25. Qd8# 1-0

[Event "6. Open C.A. Ciudad los Angeles 2012"]
[Site "Madrid ESP"]
[Date "2012.05.27"]
[Round "7.20"]
[White "Martinez Pastor, Francisco"]
[Black "Soto Martin, Miguel"]
[Result "0-1"]
[WhiteElo "1612"]
[BlackElo "1464"]
[PlyCount "48"]
[EventDate "2012.04.15"]
[EventType "swiss"]
[EventRounds "9"]
[EventCountry "ESP"]
[Source "lmi"]
[SourceDate "2012.04.15"]

1. b4 Nf6 2. Bb2 g6 3. Bxf6 exf6 4. c4 Bxb4 5. Qb3 Be7 6. Nf3 O-O 7. g3 Re8 8.
Nc3 Bf8 9. Bg2 Bg7 10. O-O Nc6 11. d3 f5 12. Rfe1 b6 13. Rab1 Bb7 14. d4 Nxd4
15. Nxd4 Bxg2 16. Kxg2 Bxd4 17. e3 Bg7 18. Rbd1 d6 19. Rd3 Bxc3 20. Qxc3 Qe7
21. a4 Qe4+ 22. f3 Qc6 23. Qb3 Re6 24. Kf2 a6 0-1

[Event "6. Open C.A. Ciudad los Angeles 2012"]
[Site "Madrid ESP"]
[Date "2012.05.27"]
[Round "7.23"]
[White "Pindado Del Carmen, Eliseo"]
[Black "Pablos Ceruelo, Oscar"]
[Result "0-1"]
[WhiteElo "1618"]
[BlackElo "1367"]
[PlyCount "30"]
[EventDate "2012.04.15"]
[EventType "swiss"]
[EventRounds "9"]
[EventCountry "ESP"]
[Source "lmi"]
[SourceDate "2012.04.15"]

1. e4 e5 2. f4 Nc6 3. Bc4 Nf6 4. Nc3 d6 5. h3 Nxe4 6. Nxe4 d5 7. Bb5 dxe4 8.
Qe2 Qh4+ 9. Qf2 Qxf2+ 10. Kxf2 exf4 11. Ne2 Bd6 12. Nc3 f5 13. d3 e3+ 14. Kf3
Bd7 15. Ne2 Ne5+ 0-1

[Event "6. Open C.A. Ciudad los Angeles 2012"]
[Site "Madrid ESP"]
[Date "2012.06.03"]
[Round "8.1"]
[White "Tirado Parra, Alberto"]
[Black "Garcia De Quesada, Ignacio"]
[Result "1/2-1/2"]
[WhiteElo "1880"]
[BlackElo "1910"]
[PlyCount "95"]
[EventDate "2012.04.15"]
[EventType "swiss"]
[EventRounds "9"]
[EventCountry "ESP"]
[Source "lmi"]
[SourceDate "2012.04.15"]

1. b4 e5 2. Bb2 Bxb4 3. Bxe5 Nf6 4. Nf3 O-O 5. e3 Nc6 6. Bb2 d5 7. c4 Re8 8.
Be2 Be6 9. cxd5 Bxd5 10. O-O Ne5 11. d3 Nfg4 12. Nbd2 Bxd2 13. Qxd2 Bxf3 14.
Bxf3 Nxf3+ 15. gxf3 Ne5 16. Bxe5 Rxe5 17. Kh1 Rh5 18. Rg1 Qd6 19. Rg2 Rd8 20.
Qc3 g6 21. d4 c5 22. Rd1 cxd4 23. Rxd4 Rd5 24. Rgg4 Qf6 25. Rgf4 Qa6 26. Kg2
Qxa2 27. Qc7 Rg5+ 28. Rg4 Rxg4+ 29. fxg4 Rxd4 30. Qb8+ Kg7 31. Qe5+ f6 32. Qxd4
b6 33. h4 Qe6 34. g5 Kf7 35. Qf4 Qd5+ 36. e4 Qe5 37. Qg4 Qe6 38. Qf4 Qc6 39.
gxf6 Qxf6 40. Qc7+ Qe7 41. Qc4+ Kg7 42. Qd4+ Kh6 43. e5 Kg7 44. e6+ Kg8 45. Qe5
a5 46. Qb8+ Kg7 47. Qxb6 Kf6 48. Qxa5 1/2-1/2

[Event "6. Open C.A. Ciudad los Angeles 2012"]
[Site "Madrid ESP"]
[Date "2012.06.03"]
[Round "8.2"]
[White "Rios Rebollo, Victor"]
[Black "Rodriguez Dorado, Victor"]
[Result "0-1"]
[WhiteElo "1842"]
[BlackElo "1940"]
[PlyCount "126"]
[EventDate "2012.04.15"]
[EventType "swiss"]
[EventRounds "9"]
[EventCountry "ESP"]
[Source "lmi"]
[SourceDate "2012.04.15"]

1. d4 Nf6 2. c4 g6 3. Nc3 Bg7 4. e4 d6 5. f3 O-O 6. Be3 c5 7. dxc5 dxc5 8. Qxd8
Rxd8 9. Bxc5 Nc6 10. Nd5 Nd7 11. Bxe7 Nxe7 12. Nxe7+ Kf8 13. Nd5 Bxb2 14. Rb1
Bg7 15. Nh3 Ne5 16. Nf2 b6 17. Be2 Be6 18. O-O Rac8 19. Rb4 Nc6 20. Ra4 Na5 21.
Rd1 Bb2 22. Rb1 Bd4 23. Rab4 Bc5 24. R4b2 Ba3 25. Rd2 Nxc4 26. Bxc4 Rxc4 27.
Rbd1 Bxd5 28. exd5 Bb4 29. Re2 Rc5 30. Re4 a5 31. d6 Rc2 32. Kf1 Bc5 33. Nh3
Rxd6 34. Rxd6 Bxd6 35. a4 Bb4 36. Nf4 Rd2 37. Ne2 f5 38. Re6 Rd6 39. Re5 Kf7
40. Rb5 Bc5 41. Nc3 Rd3 42. Nb1 Ke6 43. Ke2 Re3+ 44. Kd2 f4 45. h3 g5 46. Kd1
h6 47. Nd2 Rd3 48. Kc2 Rd5 49. Ne4 Be3 50. Rxd5 Kxd5 51. Kd3 Bd4 52. Nd2 Bg7
53. Ne4 Bh8 54. Nd2 Kc5 55. Nc4 Bg7 56. Nd2 Kb4 57. Nc4 Kxa4 58. Nxb6+ Kb3 59.
Nc4 Bc3 60. Nb6 Bb4 61. Ke4 a4 62. Nxa4 Kxa4 63. h4 Be1 0-1

[Event "6. Open C.A. Ciudad los Angeles 2012"]
[Site "Madrid ESP"]
[Date "2012.06.03"]
[Round "8.3"]
[White "Garrido Ariza, Javier"]
[Black "Garcia Prados, David"]
[Result "1-0"]
[WhiteElo "1807"]
[BlackElo "2070"]
[PlyCount "65"]
[EventDate "2012.04.15"]
[EventType "swiss"]
[EventRounds "9"]
[EventCountry "ESP"]
[Source "lmi"]
[SourceDate "2012.04.15"]

1. d4 Nf6 2. c4 g6 3. Nc3 Bg7 4. e4 d6 5. f4 O-O 6. Nf3 Bg4 7. Be2 c5 8. d5 e6
9. h3 Bxf3 10. Bxf3 exd5 11. cxd5 Re8 12. O-O Nbd7 13. Re1 a6 14. a4 c4 15. Be3
Qa5 16. Bd4 Nc5 17. e5 Nfd7 18. e6 Nd3 19. Bxg7 Kxg7 20. Re2 N7c5 21. Kh2 fxe6
22. dxe6 Nxe6 23. Bxb7 Rab8 24. Bc6 Ndxf4 25. Bxe8 Nxe2 26. Qxd6 Rd8 27. Qxe6
Qc7+ 28. Kh1 Ng3+ 29. Kg1 Qa7+ 30. Kh2 Qb8 31. Qf7+ Kh6 32. Qf8+ Kh5 33. Qf3+
1-0

[Event "6. Open C.A. Ciudad los Angeles 2012"]
[Site "Madrid ESP"]
[Date "2012.06.03"]
[Round "8.4"]
[White "Ortiz Berruguete, Adrian"]
[Black "Pindado Campos, Raul"]
[Result "1-0"]
[WhiteElo "1734"]
[BlackElo "1824"]
[PlyCount "75"]
[EventDate "2012.04.15"]
[EventType "swiss"]
[EventRounds "9"]
[EventCountry "ESP"]
[Source "lmi"]
[SourceDate "2012.04.15"]

1. e4 c5 2. Nf3 e6 3. Nc3 a6 4. d4 cxd4 5. Nxd4 Qc7 6. Be3 Nf6 7. a3 Nc6 8. Be2
Be7 9. O-O O-O 10. f4 d6 11. Bd3 Qb6 12. Na4 Qa7 13. Nf5 b6 14. Nxe7+ Nxe7 15.
Bxb6 Qb7 16. e5 Bd7 17. exf6 Bxa4 18. Bd4 Ng6 19. fxg7 Rfc8 20. Rc1 Qd5 21. Bc3
Bc6 22. Qe2 Nh4 23. Rf2 Nf5 24. Rd1 Qc5 25. Bb4 Qb6 26. Bxf5 exf5 27. Rxd6 Re8
28. Qc4 Rac8 29. Qd4 Qb7 30. c4 Re4 31. Rd8+ Be8 32. Qd6 Kxg7 33. Bc3+ Kg8 34.
Qh6 f6 35. Qxf6 Rxd8 36. Qxd8 Qf7 37. Qg5+ Kf8 38. Bb4+ 1-0

[Event "6. Open C.A. Ciudad los Angeles 2012"]
[Site "Madrid ESP"]
[Date "2012.06.03"]
[Round "8.5"]
[White "Juarez De Vena, Antonio"]
[Black "Cano Cabanillas, Javier"]
[Result "0-1"]
[WhiteElo "1618"]
[BlackElo "2016"]
[PlyCount "126"]
[EventDate "2012.04.15"]
[EventType "swiss"]
[EventRounds "9"]
[EventCountry "ESP"]
[Source "lmi"]
[SourceDate "2012.04.15"]

1. e4 e6 2. d4 d5 3. Nc3 Nf6 4. Bg5 Bb4 5. e5 h6 6. exf6 hxg5 7. fxg7 Rg8 8. a3
Bxc3+ 9. bxc3 Qf6 10. Nf3 Nd7 11. h3 a6 12. c4 dxc4 13. Bxc4 Nb6 14. Bb3 Bd7
15. c4 Bc6 16. O-O Bxf3 17. Qxf3 Qxf3 18. gxf3 O-O-O 19. Rfd1 Rxg7 20. a4 Rh7
21. Kg2 Rdh8 22. Rh1 Nd7 23. Rae1 Nf6 24. d5 Nh5 25. Reg1 exd5 26. cxd5 Nf4+
27. Kf1 f6 28. Bc2 Rh4 29. Rg3 Kd8 30. Be4 Rxh3 31. Rhxh3 Nxh3 32. Ke2 Nf4+ 33.
Ke3 Rh1 34. Kd2 Rf1 35. Ke3 Ra1 36. d6 b6 37. dxc7+ Kxc7 38. Bc2 Re1+ 39. Kd2
Re2+ 40. Kd1 Rxf2 41. Rg1 Rxf3 42. Re1 g4 43. Re7+ Kd6 44. Rf7 Nd5 45. Rf8 Ne3+
46. Kc1 Nxc2 47. Kxc2 f5 48. Rf6+ Kc5 49. a5 bxa5 50. Rxa6 Kb5 51. Ra8 g3 52.
Rb8+ Kc6 53. Rc8+ Kb7 54. Rg8 f4 55. Rg6 Rf2+ 56. Kb3 g2 57. Ka4 f3 58. Kb5
Rb2+ 59. Kxa5 Rb1 60. Rg7+ Kc6 61. Rg6+ Kc5 62. Rg5+ Kd4 63. Rg4+ Ke3 0-1

[Event "6. Open C.A. Ciudad los Angeles 2012"]
[Site "Madrid ESP"]
[Date "2012.06.03"]
[Round "8.6"]
[White "Al-zarif Zabala, Bassam"]
[Black "Ruiz Sanchez, Roberto"]
[Result "0-1"]
[WhiteElo "1753"]
[BlackElo "1997"]
[PlyCount "70"]
[EventDate "2012.04.15"]
[EventType "swiss"]
[EventRounds "9"]
[EventCountry "ESP"]
[Source "lmi"]
[SourceDate "2012.04.15"]

1. b3 d5 2. Bb2 Bf5 3. e3 e6 4. c4 Nf6 5. d4 c6 6. Nf3 Bxb1 7. Qxb1 Bb4+ 8. Kd1
c5 9. Bd3 cxd4 10. exd4 Nc6 11. Ke2 O-O 12. Rd1 h6 13. Kf1 Rc8 14. a3 Bd6 15.
c5 Bb8 16. b4 Qc7 17. Re1 Qf4 18. Bc1 Qg4 19. h3 Qh5 20. Be2 Ne4 21. Qb2 f5 22.
Nd2 Qf7 23. Nxe4 fxe4 24. Be3 Ne7 25. Kg1 Nf5 26. Rf1 Qc7 27. f4 Nxe3 28. g3 g5
29. Qd2 Nxf1 30. Rxf1 gxf4 31. Bg4 Rce8 32. gxf4 Rxf4 33. Rd1 Kh7 34. Kh1 Qf7
35. Qe2 Rf2 0-1

[Event "6. Open C.A. Ciudad los Angeles 2012"]
[Site "Madrid ESP"]
[Date "2012.06.03"]
[Round "8.7"]
[White "Rodriguez Vignote, Javier"]
[Black "Lopez-Andujar Ocaña, Ramon"]
[Result "1-0"]
[WhiteElo "1923"]
[BlackElo "1736"]
[PlyCount "85"]
[EventDate "2012.04.15"]
[EventType "swiss"]
[EventRounds "9"]
[EventCountry "ESP"]
[Source "lmi"]
[SourceDate "2012.04.15"]

1. Nf3 Nf6 2. c4 e6 3. g3 c5 4. Bg2 g6 5. O-O Bg7 6. Nc3 O-O 7. d4 d6 8. dxc5
dxc5 9. Qxd8 Rxd8 10. Be3 Na6 11. Rfd1 Nd7 12. Na4 Bf8 13. Ne5 Be7 14. Nxd7
Rxd7 15. Rxd7 Bxd7 16. Bxb7 Rb8 17. Bxa6 Bxa4 18. b3 Rb6 19. Bb5 Bxb5 20. cxb5
Rxb5 21. Rc1 h5 22. Kg2 Kf8 23. Kf3 Ke8 24. Rc4 Rb4 25. Rxb4 cxb4 26. Bxa7 Bf6
27. Ke4 Kd7 28. Kd3 Kc6 29. Kc4 Be7 30. Be3 Bd6 31. Bd2 Bc5 32. e3 h4 33. Bxb4
hxg3 34. hxg3 Bb6 35. Bc3 g5 36. Bf6 g4 37. b4 Bc7 38. a4 Kb6 39. a5+ Ka6 40.
Kc5 Bb8 41. Kc6 Ba7 42. Bd8 Bb8 43. Bb6 1-0

[Event "6. Open C.A. Ciudad los Angeles 2012"]
[Site "Madrid ESP"]
[Date "2012.06.03"]
[Round "8.8"]
[White "Sanchez Rodenas, Antonio"]
[Black "Marcos Herrero, Francisco"]
[Result "0-1"]
[WhiteElo "1750"]
[BlackElo "1874"]
[PlyCount "98"]
[EventDate "2012.04.15"]
[EventType "swiss"]
[EventRounds "9"]
[EventCountry "ESP"]
[Source "lmi"]
[SourceDate "2012.04.15"]

1. d4 Nf6 2. c4 c5 3. d5 b5 4. Nf3 Bb7 5. Nc3 b4 6. Na4 d6 7. b3 g6 8. Bb2 Nbd7
9. Qc2 Bg7 10. e4 O-O 11. Bd3 Qc7 12. O-O Nb6 13. Nxb6 axb6 14. a4 bxa3 15.
Rxa3 Rxa3 16. Bxa3 Ra8 17. Bb2 Bc8 18. h3 Ra2 19. Ra1 Qa7 20. Qb1 Rxa1 21. Qxa1
Qxa1+ 22. Bxa1 Nxd5 23. Bxg7 Nb4 24. Bc3 Nxd3 25. Kf1 e5 26. Bd2 f6 27. Ne1 Nf4
28. Nc2 Ne6 29. b4 Kf7 30. Ne3 Bb7 31. f3 Nd4 32. bxc5 bxc5 33. Ba5 f5 34. exf5
gxf5 35. Kf2 Ke6 36. Nd1 Ba6 37. Nb2 Nc2 38. Ke2 Na3 39. Kd3 d5 40. Kc3 Bxc4
41. Nxc4 Nxc4 42. Bd8 Ne3 43. g4 fxg4 44. fxg4 Nd1+ 45. Kd2 Nf2 46. h4 Nxg4 47.
Bb6 c4 48. Ba5 d4 49. Bb6 Kd5 0-1

[Event "6. Open C.A. Ciudad los Angeles 2012"]
[Site "Madrid ESP"]
[Date "2012.06.03"]
[Round "8.9"]
[White "Navas Hernando, Oscar"]
[Black "Bellod Thomas, Gonzalo"]
[Result "1-0"]
[WhiteElo "1855"]
[BlackElo "1713"]
[PlyCount "57"]
[EventDate "2012.04.15"]
[EventType "swiss"]
[EventRounds "9"]
[EventCountry "ESP"]
[Source "lmi"]
[SourceDate "2012.04.15"]

1. d4 Nf6 2. c4 g6 3. Nc3 d5 4. cxd5 Nxd5 5. e4 Nxc3 6. bxc3 c5 7. Nf3 Bg7 8.
Bb5+ Bd7 9. Bxd7+ Qxd7 10. O-O O-O 11. Be3 Nc6 12. d5 Na5 13. Bxc5 Bxc3 14. Rc1
Bg7 15. Qe2 b6 16. Bb4 Nb7 17. Rc6 Rfc8 18. Rfc1 Nd8 19. Rxc8 Rxc8 20. Rxc8
Qxc8 21. Bxe7 Qc1+ 22. Qe1 Qc7 23. d6 Qd7 24. Bxd8 Qxd8 25. e5 Qe8 26. h3 Qe6
27. Qd2 Kf8 28. d7 Ke7 29. d8=Q# 1-0

[Event "6. Open C.A. Ciudad los Angeles 2012"]
[Site "Madrid ESP"]
[Date "2012.06.03"]
[Round "8.11"]
[White "Mataix Fernandez, Ricardo"]
[Black "Rodriguez Lopez-canizares, Franci"]
[Result "0-1"]
[WhiteElo "1730"]
[BlackElo "1644"]
[PlyCount "96"]
[EventDate "2012.04.15"]
[EventType "swiss"]
[EventRounds "9"]
[EventCountry "ESP"]
[Source "lmi"]
[SourceDate "2012.04.15"]

1. d4 Nf6 2. Bf4 e6 3. e3 c5 4. c3 b6 5. Nf3 Bb7 6. Nbd2 Be7 7. Bd3 O-O 8. h3
cxd4 9. exd4 d6 10. Qc2 Nbd7 11. O-O h6 12. Rfe1 Re8 13. Nh2 Bf8 14. Ng4 Nxg4
15. hxg4 Qf6 16. Bg3 e5 17. Bb5 Rad8 18. Qa4 Qe6 19. Nf3 e4 20. g5 Qf5 21. Nh4
Qg4 22. gxh6 gxh6 23. Re3 Be7 24. Qxa7 Ba8 25. Rae1 Bxh4 26. Bxd6 Qf5 27. Bxd7
Rxd7 28. Qxb6 Bxf2+ 29. Kh2 Bxe1 30. Rxe1 e3 31. Bg3 e2 32. Qxh6 Qd5 33. Qh3
Re6 34. Be5 Rh6 35. Rxe2 Rxh3+ 36. Kxh3 Re7 37. Rf2 Qe4 38. g3 Qh7+ 39. Kg4 Bd5
40. Rf6 Re6 41. Rxe6 Bxe6+ 42. Kf4 Qf5+ 43. Ke3 Bxa2 44. Bf4 Qc2 45. d5 Bxd5
46. Kd4 Be6 47. b4 Qb3 48. Be5 Qd5+ 0-1

[Event "6. Open C.A. Ciudad los Angeles 2012"]
[Site "Madrid ESP"]
[Date "2012.06.03"]
[Round "8.12"]
[White "Head Ladeveze, Jorge"]
[Black "Melcon Diez, Enrique"]
[Result "0-1"]
[WhiteElo "1727"]
[BlackElo "1628"]
[PlyCount "76"]
[EventDate "2012.04.15"]
[EventType "swiss"]
[EventRounds "9"]
[EventCountry "ESP"]
[Source "lmi"]
[SourceDate "2012.04.15"]

1. d4 Nf6 2. Nf3 g6 3. Bf4 c5 4. e3 Qb6 5. b3 Bg7 6. Nbd2 d5 7. c4 Nc6 8. Ne5
cxd4 9. exd4 Qxd4 10. Nxc6 Qxf4 11. Nb4 Ng4 12. Nd3 Qd4 13. Rc1 Bf5 14. Nf3 Qb6
15. h3 Bxd3 16. hxg4 Qe6+ 17. Be2 Bxe2 18. Qxe2 Qxg4 19. cxd5 Qb4+ 20. Kf1 O-O
21. Rh4 Qd6 22. Qb5 Rab8 23. Ng5 h5 24. Ne4 Qe5 25. Qd3 Rfd8 26. Nc3 Rbc8 27.
Re4 Rxc3 28. Rxc3 Qxc3 29. Qc4 Qxc4+ 30. bxc4 Rc8 31. Ke2 Kf8 32. Kd3 f5 33.
Re6 Rc5 34. Rxg6 Kf7 35. Rg5 Kf6 36. Rxh5 Ra5 37. f4 Ra3+ 38. Kd4 Kg6+ 0-1

[Event "6. Open C.A. Ciudad los Angeles 2012"]
[Site "Madrid ESP"]
[Date "2012.06.03"]
[Round "8.13"]
[White "Sorribes Calle, Pablo"]
[Black "Lianes Garcia, Marcos"]
[Result "0-1"]
[WhiteElo "1660"]
[BlackElo "1568"]
[PlyCount "110"]
[EventDate "2012.04.15"]
[EventType "swiss"]
[EventRounds "9"]
[EventCountry "ESP"]
[Source "lmi"]
[SourceDate "2012.04.15"]

1. d4 d5 2. c4 e6 3. Nc3 Nf6 4. Bg5 Nbd7 5. e3 Be7 6. Bd3 dxc4 7. Bxc4 Nb6 8.
Bb3 c6 9. Nge2 Bd7 10. O-O Nfd5 11. Bxe7 Qxe7 12. Ne4 Nf6 13. Nc5 Bc8 14. Rc1
Nbd7 15. Qd3 Nxc5 16. Rxc5 h6 17. Ba4 Nd7 18. Rc3 Nb6 19. Bb3 Bd7 20. a3 Rc8
21. Rfc1 O-O 22. Ba2 Rfd8 23. Bb1 g6 24. Qe4 Nd5 25. R3c2 Qf6 26. Qd3 Qg7 27.
e4 Ne7 28. Qb3 Rc7 29. Qb4 Bc8 30. Ba2 Rcd7 31. Re1 b6 32. Qa4 a6 33. b4 b5 34.
Qb3 Bb7 35. Rc5 Nc8 36. a4 Nd6 37. Qc2 bxa4 38. f3 Nb5 39. Rxb5 axb5 40. Rd1
Qf8 41. Qc3 e5 42. d5 cxd5 43. Qxe5 Qxb4 44. Qg3 Qe7 45. Nf4 Kh7 46. Bb1 dxe4
47. Re1 Rd1 48. h4 Rxe1+ 49. Qxe1 Qc5+ 50. Kh2 Qc7 51. g3 Qd7 52. Bxe4 Qd2+ 53.
Qxd2 Rxd2+ 54. Kh3 Bxe4 55. fxe4 a3 0-1

[Event "6. Open C.A. Ciudad los Angeles 2012"]
[Site "Madrid ESP"]
[Date "2012.06.03"]
[Round "8.15"]
[White "Maseda Iglesias, Luis"]
[Black "Soto Martin, Pablo"]
[Result "1/2-1/2"]
[WhiteElo "1781"]
[BlackElo "1619"]
[PlyCount "67"]
[EventDate "2012.04.15"]
[EventType "swiss"]
[EventRounds "9"]
[EventCountry "ESP"]
[Source "lmi"]
[SourceDate "2012.04.15"]

1. d4 Nf6 2. Nf3 g6 3. Nc3 d5 4. Bf4 c6 5. e3 Bg7 6. Bd3 O-O 7. Qe2 Qb6 8. Rb1
Nbd7 9. O-O c5 10. Na4 Qa5 11. Nxc5 Nxc5 12. dxc5 Qxc5 13. b4 Qc6 14. Nd4 Qb6
15. h3 h6 16. c4 dxc4 17. Bxc4 Ne4 18. Qd3 Nd6 19. Bxd6 Qxd6 20. Rfd1 Rd8 21.
Qb3 Qf6 22. Nf3 Bf5 23. Rbc1 Be4 24. Be2 Rac8 25. Rxd8+ Rxd8 26. Qc4 Bc6 27.
Qc2 Qe6 28. Bc4 Qd6 29. Qb3 Qf6 30. Be2 Qd6 31. Rd1 Qc7 32. Rc1 Qd6 33. Rd1 Qc7
34. Rc1 1/2-1/2

[Event "6. Open C.A. Ciudad los Angeles 2012"]
[Site "Madrid ESP"]
[Date "2012.06.03"]
[Round "8.16"]
[White "Martinez Cepedano, Roberto"]
[Black "Martin Garcia, Francisco Javier"]
[Result "1-0"]
[WhiteElo "1752"]
[BlackElo "1614"]
[PlyCount "67"]
[EventDate "2012.04.15"]
[EventType "swiss"]
[EventRounds "9"]
[EventCountry "ESP"]
[Source "lmi"]
[SourceDate "2012.04.15"]

1. e4 c5 2. Nf3 d6 3. d4 cxd4 4. Nxd4 Nf6 5. Nc3 a6 6. Be2 e5 7. Nf3 Be7 8. Bg5
Be6 9. a4 h6 10. Bxf6 Bxf6 11. Nd5 Be7 12. Bc4 O-O 13. O-O Nc6 14. Qd3 Rc8 15.
c3 Bg4 16. Ba2 Kh8 17. h3 Bh5 18. Rfd1 Bg5 19. Re1 Bg6 20. Nxg5 Qxg5 21. Ne3 f5
22. exf5 Bxf5 23. Nxf5 Qxf5 24. Qxf5 Rxf5 25. Be6 Ne7 26. Rad1 Rff8 27. Bxc8
Nxc8 28. Re4 Rf6 29. Rc4 Nb6 30. Rb4 d5 31. a5 Nc4 32. Rxd5 Rf4 33. b3 Na3 34.
Rxf4 1-0

[Event "6. Open C.A. Ciudad los Angeles 2012"]
[Site "Madrid ESP"]
[Date "2012.06.03"]
[Round "8.18"]
[White "Soto Martin, Miguel"]
[Black "Benitez Cadenas, Luis Miguel"]
[Result "0-1"]
[WhiteElo "1464"]
[BlackElo "1730"]
[PlyCount "164"]
[EventDate "2012.04.15"]
[EventType "swiss"]
[EventRounds "9"]
[EventCountry "ESP"]
[Source "lmi"]
[SourceDate "2012.04.15"]

1. d4 Nf6 2. Nf3 g6 3. g3 d5 4. Bg2 Bg7 5. O-O O-O 6. b3 Bf5 7. Bb2 Nc6 8. e3
Qd7 9. Ne5 Nxe5 10. dxe5 Ng4 11. Qxd5 Qxd5 12. Bxd5 c6 13. e4 cxd5 14. exf5
gxf5 15. f4 Rfd8 16. Re1 Rac8 17. c3 e6 18. h3 Nh6 19. Nd2 Bf8 20. a3 Bc5+ 21.
Kh2 Kh8 22. c4 dxc4 23. Nxc4 b5 24. Nd6 Rc6 25. Rac1 Bf2 26. Red1 Rxc1 27. Rxc1
Rg8 28. Rc3 f6 29. exf6 Bd4 30. Rc2 Bxb2 31. Rxb2 Rf8 32. Nxb5 a6 33. Nc7 Rxf6
34. Nxa6 e5 35. Nc5 e4 36. b4 Nf7 37. b5 Nd6 38. a4 Nc4 39. Rc2 Ne3 40. Rc3 Nd5
41. Rb3 Rg6 42. a5 e3 43. a6 e2 44. Nd3 Rd6 45. a7 Nb6 46. Ne1 Rd1 47. Nc2 Rc1
48. Ra3 Na8 49. Ne1 Rxe1 50. Re3 Ra1 51. Rxe2 Rxa7 52. Rb2 Rb7 53. g4 fxg4 54.
hxg4 Nc7 55. b6 Kg7 56. Kg3 Nd5 57. f5 Kf6 58. Rb5 Nc3 59. Rb3 Na4 60. Rb4 Nxb6
61. Kf3 Rb8 62. Kg3 Kg5 63. Rb5 Nd7 64. Rxb8 Nxb8 65. Kf3 Nd7 66. Kg3 Nf6 67.
Kf3 Nxg4 68. Kg3 Kxf5 69. Kh4 Nf6 70. Kg3 h5 71. Kh3 Ne4 72. Kh2 Kg4 73. Kg2
Nd2 74. Kh2 Ne4 75. Kg2 h4 76. Kh2 Nc3 77. Kh1 Kg3 78. Kg1 Nd1 79. Kh1 Ne3 80.
Kg1 Ng4 81. Kh1 Nf2+ 82. Kg1 h3 0-1

[Event "6. Open C.A. Ciudad los Angeles 2012"]
[Site "Madrid ESP"]
[Date "2012.06.03"]
[Round "8.19"]
[White "Ballesteros Jimenez, Miguel A"]
[Black "Cortijo Manso, Luis"]
[Result "1-0"]
[WhiteElo "1672"]
[BlackElo "1551"]
[PlyCount "105"]
[EventDate "2012.04.15"]
[EventType "swiss"]
[EventRounds "9"]
[EventCountry "ESP"]
[Source "lmi"]
[SourceDate "2012.04.15"]

1. e4 c5 2. Nc3 Nc6 3. f4 e6 4. Nf3 d5 5. Bb5 a6 6. Bxc6+ bxc6 7. d3 Bd6 8. O-O
Ne7 9. Qe1 O-O 10. Na4 Ng6 11. e5 Be7 12. Be3 d4 13. Bd2 a5 14. c4 f6 15. b3
fxe5 16. fxe5 Qc7 17. Qg3 Bd7 18. Rae1 Be8 19. Bg5 Rb8 20. Bxe7 Qxe7 21. Qg5
Qxg5 22. Nxg5 Rxf1+ 23. Kxf1 Nf4 24. Nxc5 Bg6 25. Rd1 Bf5 26. g3 Ng6 27. Ngxe6
Nxe5 28. Nxd4 Bh3+ 29. Kg1 Ng4 30. Nxc6 Rf8 31. Ne6 Rf2 32. Nf4 Rxh2 33. Nxh3
Rxh3 34. Rd2 Rh5 35. d4 Nf6 36. d5 Ne4 37. Rd3 Nc5 38. Rf3 h6 39. Nxa5 Re5 40.
Nc6 Re1+ 41. Kf2 Ra1 42. Nb4 Rb1 43. Nd3 Ne4+ 44. Ke3 Ng5 45. Rf2 Nh3 46. Rb2
Rg1 47. d6 Rxg3+ 48. Kd4 Ng5 49. d7 Ne6+ 50. Kc3 Nd8 51. Re2 Kf7 52. a4 Ne6 53.
Rxe6 1-0